000 01396nam a2200385 i 4500
001 196972
003 ES-MaACL
005 20250827035400.0
008 250228s2005 sp | ||| ||spa
016 7 _abimoBNE20050356947
_2SpMaBN
017 _aTO 755-2004
_bOficina Depósito Legal Toledo
020 _a8496095762
035 _a(OCoLC)433519886
035 _a(SpMaBN)bimo0002029680
040 _aSpMaBN
_bspa
_cSpMaBN
_erdc
080 _a796.51(460)
080 _a913(460)(036)
100 1 _aNerín, Gustau,
_d1968-
_9239705
_eaut
245 1 4 _aLos ríos de España :
_brutas, paseos y aventuras /
_ctextos a cargo de Gustau Nerín.
250 _aPrimera edición
260 _aBarcelona :
_bElCobre,
_c2005.
300 _a412 páginas :
_bilustrado a color ;
_c24 cm.
336 _2rdacontent
_atexto
337 _2rdamedia
_asin mediación
338 _2rdacarrier
_avolumen
500 _aÍndice
650 4 _aExcursionismo-
_zEspaña
_912652
651 4 _aEspaña-
_vGuías turísticas
_2embne
_98206
852 _aES-MaACL
_cDEPOJ
_jN-10430
_hDonación: José Lázaro García
_xEncuadernación rústica
_9206554
903 _9234219
_aLázaro García, José
_ednr
942 _cMONOGRAFIA
_n0
999 _c196972
_d196972